| 000 | 00717 a2200265 4500 | ||
|---|---|---|---|
| 001 | 200044455 | ||
| 999 |
_c200044455 _d23680 |
||
| 003 | TR-AnTOB | ||
| 005 | 20190322123045.0 | ||
| 008 | 160505d19609999tu zn0p 0 0 | ||
| 022 | _a0001-3218 | ||
| 040 | _aTR-AnTOB | ||
| 041 |
_aeng _aita |
||
| 050 | 0 | 0 |
_aNK1700 _b.A24 |
| 099 | _aJOURNAL - ABIT | ||
| 222 | 0 | _aAbitare. | |
| 245 | 0 | 0 | _aAbitare. |
| 260 |
_aMilano : _bEditrice Segesta, _c1960- |
||
| 300 |
_av. _c29 cm. |
||
| 310 | _aYılda on bir sayı (Haziran.-Ağustos ayı birlikte) | ||
| 321 | _aYılda on sayı | ||
| 650 | 0 |
_aİç dekorasyon _zTürkiye _vSüreli yayınlar _972742 |
|
| 650 | 0 |
_aInterior decoration _zTurkey _vPeriodicals _972740 |
|
| 942 | _cCR | ||